000 00652nam a22001817a 4500
005 20251108165010.0
008 250721s1992 xx 000 0 ara d
082 1 4 _a956.06/حسي
100 1 _aالكساسبة، حسين فلاح
245 1 0 _aالمؤسسات الإدارية في مركز الخلافة العباسية :
_bالدواوين /
264 1 _aالكرك :
_bجامعة مؤته - عمادة البحث العلمي و الدراسات العليا،
_c1992.
300 _a248ص
650 1 7 _aالعباسيون 750-1258
650 1 7 _aتاريخ العرب
650 1 7 _aالدواوين
942 _2ddc
_cBK
999 _c19507
_d19507